<?xml version="1.0" encoding="UTF-8"?>
<collection xmlns="http://www.loc.gov/MARC21/slim">
 <record>
  <leader>01345pam a22002778a 4500</leader>
  <controlfield tag="001">00045327</controlfield>
  <controlfield tag="005">20191227081228.0</controlfield>
  <controlfield tag="008">131216s2013                  ||||||viesd</controlfield>
  <datafield tag="020" ind1="#" ind2="#">
   <subfield code="c">250000</subfield>
   <subfield code="a">9786047369898</subfield>
  </datafield>
  <datafield tag="041" ind1="0" ind2="#">
   <subfield code="a">vie</subfield>
  </datafield>
  <datafield tag="082" ind1="1" ind2="4">
   <subfield code="a">320.01</subfield>
   <subfield code="b">TR308H</subfield>
  </datafield>
  <datafield tag="100" ind1="#" ind2="#">
   <subfield code="e">Chủ biên</subfield>
   <subfield code="a">Đinh, Ngọc Thạch</subfield>
  </datafield>
  <datafield tag="245" ind1="0" ind2="0">
   <subfield code="c">Đinh Ngọc Thạch (ch.b); Trần Quang Thái</subfield>
   <subfield code="a">Triết học chính trị phương Tây hiện đại - Giá trị và ý nghĩa</subfield>
   <subfield code="b">Contemporary western political philosophy - Value and sighificance: Sách chuyên khảo</subfield>
  </datafield>
  <datafield tag="260" ind1="#" ind2="#">
   <subfield code="a">Tp. Hồ Chí Minh</subfield>
   <subfield code="b">Đại học Quốc gia Tp. Hồ Chí Minh</subfield>
   <subfield code="c">2019</subfield>
  </datafield>
  <datafield tag="300" ind1="#" ind2="#">
   <subfield code="c">24 cm</subfield>
   <subfield code="a">x, 574 tr.</subfield>
  </datafield>
  <datafield tag="504" ind1="#" ind2="#">
   <subfield code="a">Thư mục: tr. 560-573</subfield>
  </datafield>
  <datafield tag="653" ind1="#" ind2="#">
   <subfield code="a">Chính trị học</subfield>
  </datafield>
  <datafield tag="653" ind1="#" ind2="#">
   <subfield code="a">Tư tưởng</subfield>
  </datafield>
  <datafield tag="653" ind1="#" ind2="#">
   <subfield code="a">Triết học</subfield>
  </datafield>
  <datafield tag="653" ind1="#" ind2="#">
   <subfield code="a">Học thuyết</subfield>
  </datafield>
  <datafield tag="653" ind1="#" ind2="#">
   <subfield code="a">Phương Tây</subfield>
  </datafield>
  <datafield tag="653" ind1="#" ind2="#">
   <subfield code="a">Sách chuyên khảo</subfield>
  </datafield>
  <datafield tag="700" ind1="#" ind2="#">
   <subfield code="a">Trần, Quang Thái</subfield>
   <subfield code="e">Tham gia</subfield>
  </datafield>
  <datafield tag="852" ind1="#" ind2="#">
   <subfield code="j">KM.0033073</subfield>
   <subfield code="j">KM.0033077</subfield>
   <subfield code="j">KM.0033071</subfield>
   <subfield code="j">KM.0033069</subfield>
   <subfield code="j">KM.0033070</subfield>
   <subfield code="j">KM.0033078</subfield>
   <subfield code="j">KM.0033076</subfield>
   <subfield code="j">KM.0033075</subfield>
   <subfield code="j">KM.0033074</subfield>
   <subfield code="j">KM.0033080</subfield>
   <subfield code="j">KM.0033079</subfield>
   <subfield code="j">KM.0033068</subfield>
   <subfield code="j">KM.0033072</subfield>
   <subfield code="j">KM.0033081</subfield>
   <subfield code="j">KM.0033066</subfield>
   <subfield code="j">KM.0033065</subfield>
   <subfield code="j">KM.0033062</subfield>
   <subfield code="j">KD.0026524</subfield>
   <subfield code="j">KM.0033063</subfield>
   <subfield code="j">KM.0033067</subfield>
   <subfield code="j">KM.0033064</subfield>
  </datafield>
  <datafield tag="910" ind1="#" ind2="#">
   <subfield code="d">26/12/2019</subfield>
  </datafield>
  <datafield tag="980" ind1="#" ind2="#">
   <subfield code="a">Trung tâm Học liệu Lê Vũ Hùng, Trường Đại học Đồng Tháp</subfield>
  </datafield>
 </record>
</collection>
